Lecture notes on motivic cohomology
Αποθηκεύτηκε σε:
| Κύριος συγγραφέας: | |
|---|---|
| Άλλοι συγγραφείς: | , |
| Μορφή: | Βιβλίο |
| Γλώσσα: | English |
| Δημοσίευση: |
Providence, RI : Cambridge, MA :
American Mathematical Society ;, Clay Mathematics Institute,
c2006
|
| Σειρά: | Clay mathematics monographs ;
; 2 |
| Θέματα: | |
| Ετικέτες: |
Προσθήκη ετικέτας
Δεν υπάρχουν, Καταχωρήστε ετικέτα πρώτοι!
|
MARC
| LEADER | 00000nam a2200000 i 4500 | ||
|---|---|---|---|
| 001 | 1/68436 | ||
| 008 | 071218s2006 eng d | ||
| 020 | |a 0-8218-3847-4 | ||
| 035 | |l 10093229 | ||
| 040 | |a GR-MY-UA |b gre |e aacr | ||
| 041 | 0 | |a eng | |
| 082 | 0 | |a 514.23 |2 (22) | |
| 100 | 1 | |a Mazza, Carlo |d 1974- | |
| 245 | 1 | 0 | |a Lecture notes on motivic cohomology / |c Carlo Mazza, Vladimir Voevodsky, Charles Weibel |
| 260 | |a Providence, RI : |a Cambridge, MA : |b American Mathematical Society ;, |b Clay Mathematics Institute, |c c2006 | ||
| 300 | |a xiv, 216 σ.; |b εικ.; |c 26 εκ. | ||
| 490 | 1 | |a Clay mathematics monographs |v ; 2 | |
| 504 | |a Περιέχει βιβλιογραφικές παραπομπές (σ. 203-205) και ευρετήριο | ||
| 650 | 0 | 0 | |a Homology theory. |
| 700 | 1 | |a Voevodsky, Vladimir. | |
| 700 | 1 | |a Weibel, Charles A. |d 1950- | |
| 830 | 0 | |a Clay mathematics monographs ; |v ; 2 | |
| 852 | |a INST |b SAMOS |e 20071218 |h 514.23 MAZ |p 005300027430 |q 005300027430 |t BK |y 0 | ||
| 901 | |a BIBL3-2007-3 | ||
| 909 | |a Σ |b 140405 | ||
| 922 | |a 3ΕΛΗ |b 200711 |c ΕΠΕΑΕΚ2/ΤΜΗΜΑ ΜΑΘΗΜΑΤΙΚΩΝ |d ΕΛΕΥΘΕΡΟΥΔΑΚΗΣ | ||
| 970 | |a ΡΟΥΣΣΟΥ |b ΚΩΝΣΤΑΝΤΙΝΑ |z 2007/12/18 | ||